1201 1001 1015 1636 1739 1060 1055 1987 1627 1291 1731 1044 1056 1419 1415 1373 1832 1740 1210 1644 1035 1113 1677 1615 1492 1849 1783 1292 1285 1158 1685 1317 1905 1365 1432 1064 1714 1558 1277 1695 1079 1992 1436 1702 1996 1422 1390 1197 1796 1410 1572 1695 1652 1676 1426 1698 1915 1367 1974 1071 1929 1649 1232 1614 1409 1255 1499 1266 1202 1080 1313 1133 1467 1578 1570 1409 1143 1818 1906 1403 1456 1295 1607 1106 1504 1437 1965 1045 1071 1872 1273 1139 1340 1792 1389 1561 1853 1801 1418 BCNSPRNW ULIB Ver.6.0+V

เปลี่ยนเป็นภาษาไทย

Change to English
 แสดงรายละเอียดบรรณานุกรม
  กลับหน้าหลัก

Brief Record : Get Marc (ISO 2709) : E-mail record : QR code < ปิดหน้าต่าง
LEADER : 00000nam 2200000uu 4500
001    13399113098
003     ULIB
008    110926s2543||||th 000 0 tha d
020    97475207
050 04 PL4202^bศ439ต 2543
100 0  ศักดิ์สิริ มีสมสืบ
245 10 ตู้เพลงลูกทุ่ง /^cศักดิ์สิริ มีสมสืบ
260    กรุงเทพฯ :^bอมรินทร์,^c2543
300    166 หน้า
650  7 กวีนิพนธ์ไทย^xรวมเรื่อง
650  7 บทกวี^xไทย^xรวมเรื่อง
945    ^p120^l0^i014508
995    ทศพร
999 ^a ทศพร
รายการนี้ยังไม่มีแท็ก
คุณยังไม่ได้ล็อกอิน คุณสามารถมีกิจกรรมร่วมกับเว็บไซต์ได้ แต่ต้องล็อกอินก่อน ::
  ล็อกอิน

รายการสื่อสารสนเทศ

ลำดับที่ ประเภท เลขเรียก/บาร์โค้ด สถานที่ สถานะ
- ไม่พบข้อมูล -

BibComment


ยังไม่เคยถูกคอมเมนท์

คอมเมนท์ทรัพยากรรายการนี้
  คอมเมนท์: ตู้เพลงลูกทุ่ง ศ..


 Copyright 2026. Bcnsprnw @Library